000 00911cam a22002294a 4500
008 060310s2006 nju b 001 0beng
020 _a0471790370 (cloth)
020 _a9780471790372 (cloth)
050 0 0 _aHD62.6
_b.J33 2006
082 0 0 _a657/.980973
100 1 _aJackson, Peggy M.
245 1 0 _aSarbanes-Oxley for nonprofit boards :
_ba new governance paradigm /
_cPeggy M. Jackson.
260 _aSarbanes-oxley
_bJohn Wiley & Sons,
_c2002
300 _axiii, 194 p. ;
650 0 _aNonprofit organizations
_xManagement.
650 0 _aNonprofit organizations
_xLaw and legislation
650 0 _aNonprofit organizations
_xAccounting
_xLaw and legislation
856 4 2 _uhttp://www.loc.gov/catdir/enhancements/fy0741/2006008032-b.html
856 4 2 _uhttp://www.loc.gov/catdir/enhancements/fy0741/2006008032-d.html
856 4 1 _uhttp://www.loc.gov/catdir/enhancements/fy0741/2006008032-t.html
942 _cBK
999 _c3472
_d3472